000 00798nam a2200277 a 4500
008
020 _a0749433108 (pbk.)
049 _aMAIN
090 _aREF HF5429
_bBAR.
100 1 _aBarrow, Colin.
245 1 0 _aGuide to taking up a franchise /
_cColin Barrow, Godfrey Golzen and Helen Kogan.
260 _aLondon :
_bKogan Page Limited,
_c1983.
300 _aRev 13th ed.
300 _avii, 344 p. :
_bill. ;
_c23 cm.
440 _aThe Daily Telegraph.
500 _aIncludes index.
650 1 _aFranchise.
650 _aFranchise guide.
700 _aKogan, Helen.
700 _aGolzen, Godfrey.
907 _a.b10316553
_b05-06-13
_c21-08-12
003
005 20230123125441.0
040 _cNUST
942 _cBOOKS
_kREF HF5429
_mBAR.
999 _c141707
_d141707